000 00309nam a2200121Ia 4500
008 150201s2010 xx 000 0 und d
082 _a611
_bA10S
100 _aSINGH,HARIQBAL
245 _aATLAS OF ANATOMY ON CT IMAGING
260 _bJAYPEE BROTHERS
_aDELHI
_c2010
650 _aHUMAN ANATOMY
942 _2ddc
_cBK
999 _c1019
_d1019